LEADER 00873nam--2200325---450 001 990000560520203316 005 20220318091434.0 010 $a88-11-73810-5 035 $a0056052 035 $aUSA010056052 035 $a(ALEPH)000056052USA01 035 $a0056052 100 $a19910701d1991----|0itac50 ba 101 $aita 102 $aIT 200 1 $aMemorie$fWilly Brandt 210 $aMilano$cGarzanti$d1991 215 $a547 p., [18] carte di tav.$cill.$d22 cm 410 0$1001$12001$aMemorie, documenti, biografie 454 0$1001$12001$aErinnerungen.$9843786 600 0 $aBRANDT,$bWilly$xMemorie 676 $a943.085092 700 1$aBRANDT,$bWilly <1913-1992>$0250276 801 3$aIT$bICCU$c20150901 912 $a990000560520203316 951 $aX.3.B.$c83154 G. 959 $aBK 969 $aUMA 996 $aErinnerungen$9843786 997 $aUNISA LEADER 04317nam 22008295 450 001 9910437765103321 005 20251029215727.0 010 $a1-4614-3755-5 024 7 $a10.1007/978-1-4614-3755-0 035 $a(CKB)2670000000239491 035 $a(EBL)972896 035 $a(OCoLC)807202800 035 $a(SSID)ssj0000741906 035 $a(PQKBManifestationID)11476483 035 $a(PQKBTitleCode)TC0000741906 035 $a(PQKBWorkID)10743032 035 $a(PQKB)11751578 035 $a(DE-He213)978-1-4614-3755-0 035 $a(MiAaPQ)EBC972896 035 $a(MiAaPQ)EBC6310816 035 $a(PPN)168298325 035 $a(EXLCZ)992670000000239491 100 $a20120810d2013 u| 0 101 0 $aeng 135 $aur|n|---||||| 181 $ctxt 182 $cc 183 $acr 200 10$aSpace Program Management $eMethods and Tools /$fby Marcello Spagnulo, Rick Fleeter, Mauro Balduccini, Federico Nasini 205 $a1st ed. 2013. 210 1$aNew York, NY :$cSpringer New York :$cImprint: Springer,$d2013. 215 $a1 online resource (368 p.) 225 1 $aSpace Technology Library ;$v28 300 $aDescription based upon print version of record. 311 08$a1-4614-3754-7 320 $aIncludes bibliographical references & index. 327 $aChapter 1: Space Activities - A Peculiar Economical, Political, and Industrial Sector -- Chapter 2: Space Programs Management -- Chapter 3: Marketing of Space Programs -- Chapter 4: Methods and Tools of Space Programs Management -- Chapter 5: Risk Management of Space Programs -- Chapter 6: Cost Management in Space Programs -- Chapter 7: Financial Management of Space Programs -- Chapter 8: Management of Small, Low Cost Space Programs - A New Paradigm -- Chapter 9: Examples of Management Applied to Different Space Programs -- Acronyms -- Bibliography -- Websites -- Index. 330 $aBeginning with the basic elements that differentiate space programs from other management challenges, Space Program Management explains through theory and example of real programs from around the world, the philosophical and technical tools needed to successfully manage large, technically complex space programs both in the government and commercial environment. Chapters address both systems and configuration management, the management of risk, estimation, measurement and control of both funding and the program schedule, and the structure of the aerospace industry worldwide. 410 0$aSpace Technology Library ;$v28 606 $aManagement 606 $aIndustrial management 606 $aAerospace engineering 606 $aAstronautics 606 $aSpace sciences 606 $aPower (Mechanics) 606 $aInnovation/Technology Management$3https://scigraph.springernature.com/ontologies/product-market-codes/518000 606 $aAerospace Technology and Astronautics$3https://scigraph.springernature.com/ontologies/product-market-codes/T17050 606 $aSpace Sciences (including Extraterrestrial Physics, Space Exploration and Astronautics)$3https://scigraph.springernature.com/ontologies/product-market-codes/P22030 606 $aEnergy, general$3https://scigraph.springernature.com/ontologies/product-market-codes/100000 607 $aOuter space$xExploration$xManagement 615 0$aManagement. 615 0$aIndustrial management. 615 0$aAerospace engineering. 615 0$aAstronautics. 615 0$aSpace sciences. 615 0$aPower (Mechanics) 615 14$aInnovation/Technology Management. 615 24$aAerospace Technology and Astronautics. 615 24$aSpace Sciences (including Extraterrestrial Physics, Space Exploration and Astronautics). 615 24$aEnergy, general. 676 $a629.4068 700 $aSpagnulo$b Marcello$4aut$4http://id.loc.gov/vocabulary/relators/aut$0515125 702 $aFleeter$b Rick$f1954-$4aut$4http://id.loc.gov/vocabulary/relators/aut 702 $aBalduccini$b Mauro$4aut$4http://id.loc.gov/vocabulary/relators/aut 702 $aNasini$b Federico$4aut$4http://id.loc.gov/vocabulary/relators/aut 801 0$bMiAaPQ 801 1$bMiAaPQ 801 2$bMiAaPQ 906 $aBOOK 912 $a9910437765103321 996 $aSpace Program Management$92497910 997 $aUNINA